Shinwa to minzoku,

Saved in:
Bibliographic Details
Main Author: Higo, Kazuo, 1899-1981.
Format: Book
Language:Japanese
Published: Tōkyō, Iwasaki Bijutsusha, 1968.
Series:Minzoku mingei sōsho ; 33.
Subjects:
Tags: Add Tag
No Tags, Be the first to tag this record!
LEADER 00967cam a2200301 4500
001 007719736-4
005 20024617115958.0
008 900320s1968 ja a 000 0 jpn
010 |a 70801422 
015 |a Ja68-13213 
035 0 |a ocm21245106 
040 |a DLC  |c CLU  |d *YNH*  |d CStRLIN 
050 0 |a GR340  |b .H5 
100 1 |6 880-01  |a Higo, Kazuo,  |d 1899-1981. 
245 1 0 |6 880-02  |a Shinwa to minzoku,  |c Higo Kazuo. 
260 |6 880-03  |a Tōkyō,  |b Iwasaki Bijutsusha,  |c 1968. 
300 |a 298 p.  |b illus.  |c 19 cm. 
490 1 |6 880-04  |a Minzoku mingei sōsho ;  |v 33 
650 0 |a Folklore  |z Japan. 
650 0 |a Mythology, Japanese. 
880 1 |6 100-01  |a 肥後和男,  |d 1899-1981. 
880 1 0 |6 245-02  |a 神話と民俗,  |c 肥後和男. 
880 |6 260-03  |a 東京,  |b 岩崎美術社,  |c 1968. 
880 1 |6 490-04  |a 民俗民芸双書 ;  |v 33 
830 0 |6 880-54  |a Minzoku mingei sōsho ;  |v 33. 
880 0 |6 830-54  |a 民俗民芸双書 ;  |v 33. 
988 |a 20021214 
906 |0 DLC